| 000 | 00780nam 22002293 4500 | ||
|---|---|---|---|
| 001 | 199702 | ||
| 090 | _a199702 | ||
| 100 | _a20251229d u||y0pory50 ba | ||
| 101 | _apor | ||
| 102 | _aPT | ||
| 200 |
_aSistema de ensino em Portugal _fCoordenação de Manuela Silva, M. Isabel Tamen |
||
| 210 |
_aLisboa _cFundação Calouste Gulbenkian _dimp.1981 |
||
| 215 |
_aXV, 716 p., [10] folh. desdobr. _cil. ; encadernado _d21 cm |
||
| 606 |
_95170 _aCiências Sociais Educação |
||
| 610 | _aQuestões gerais de didática e método | ||
| 675 |
_vPT _a37.02 _zpor |
||
| 675 |
_v371(469)/SIL/SIS _aPT _zpor |
||
| 702 |
_97336 _aSilva _bManuel da |
||
| 702 |
_914663 _aTamen _bMaria Isabel |
||
| 801 |
_aPT _bBMMN _gRPC |
||
| 830 |
_cAna e Carlos Pinto _fAna e Carlos Pinto _j02-03-2026 |
||
| 990 | _cLIVROS | ||